Rebelión en la granja
I tiakina i:
| Kaituhi matua: | |
|---|---|
| Hōputu: | Pukapuka |
| Reo: | Pāniora |
| I whakaputaina: |
Santiago
Cerro Huelén
2002
|
| Putanga: | 6a. ed |
| Ngā marau: | |
| Ngā Tūtohu: |
Tāpirihia he Tūtohu
Kāore He Tūtohu, Me noho koe te mea tuatahi ki te tūtohu i tēnei pūkete!
|
MARC
| LEADER | 00000nam a2200000 a 4500 | ||
|---|---|---|---|
| 001 | UCL6939 | ||
| 003 | CL-VaPUC | ||
| 008 | 040423e20020000CL |||||||||||||||||spa|d | ||
| 020 | |a 9567210209 | ||
| 082 | 0 | 4 | |a 823 |b ORW |2 21 |
| 100 | |a Orwell, George |e autor |9 320140 | ||
| 245 | 1 | 0 | |a Rebelión en la granja |
| 250 | |a 6a. ed | ||
| 300 | |a 111 p | ||
| 942 | |c BK | ||
| 945 | |d 20040423 00:00:00 |a cmena | ||
| 260 | |a Santiago |b Cerro Huelén |c 2002 | ||
| 650 | 0 | |a Novelas inglesas |9 265220 | |
| 650 | 0 | |a Literatura chilena |9 308278 | |
| 583 | |a last modification |c 20040423 00:00:00 |k Rodrigo Vera | ||
| 999 | |c 308816 |d 308814 | ||
| 952 | |0 0 |1 0 |4 0 |6 823_000000000000000_ORW_2002 |7 0 |8 A |9 375683 |a BIBCUR |b BIBCUR |d 2019-11-21 |i 4004329 |l 6 |m 1 |o 823 ORW 2002 |p 4004329 |r 2025-04-22 |s 2023-10-26 |w 2019-11-21 |y BK |k PER | ||